<?xml version="1.0" encoding="UTF-8"?>
<marc:record xmlns:marc="http://www.loc.gov/MARC21/slim">
   <marc:leader>00000nam a2200000 a 4500</marc:leader>
   <marc:datafield ind1="1" ind2=" " tag="100">
      <marc:subfield code="a">Brezina, Thomas</marc:subfield>
      <marc:subfield code="4">aut</marc:subfield>
      <marc:subfield code="e">Verfasser/-in</marc:subfield>
   </marc:datafield>
   <marc:datafield ind1="0" ind2="0" tag="245">
      <marc:subfield code="a">Zaubernacht in Schloss Schönbrunn</marc:subfield>
   </marc:datafield>
   <marc:datafield ind1="0" ind2="0" tag="245">
      <marc:subfield code="c">Thomas Brezina</marc:subfield>
   </marc:datafield>
   <marc:datafield ind1=" " ind2="1" tag="264">
      <marc:subfield code="a">Wien</marc:subfield>
      <marc:subfield code="b">joppy</marc:subfield>
   </marc:datafield>
   <marc:datafield ind1="1" ind2=" " tag="520">
      <marc:subfield code="a">Spukt es im Schloss Schönbrunn?&lt;br/&gt;&lt;br/&gt;Lix und Kathrin sollen bei einer Nachtführung durch das Schloss Schönbrunn Geige und Klavier spielen. Beide sind sehr aufgeregt. Und dann sehen die Geschwister auch noch Gespenster!&lt;br/&gt;&lt;br/&gt;Im Heckenlabyrinth vor dem Schloss beginnt für sie ein unglaubliches Abenteuer: Sie reisen in die Zeit von Maria Theresia und besuchen Kaiserin Sisi. Katrin und Lix müssen einen uralten Fluch brechen, sonst wird ihr Auftritt zur Katastrophe...&lt;br/&gt;&lt;br/&gt;Eine zauberhafte Reise durch die Geschichte des Schlosses Schönbrunn.&lt;br/&gt;&lt;br/&gt;Antolin!</marc:subfield>
   </marc:datafield>
   <marc:datafield ind1=" " ind2=" " tag="020">
      <marc:subfield code="a">9783990015605</marc:subfield>
      <marc:subfield code="9">9783990015605</marc:subfield>
   </marc:datafield>
   <marc:datafield ind1=" " ind2=" " tag="041">
      <marc:subfield code="a">ger</marc:subfield>
   </marc:datafield>
   <marc:datafield ind1="1" ind2=" " tag="521">
      <marc:subfield code="a">0</marc:subfield>
   </marc:datafield>
   <marc:datafield ind1=" " ind2=" " tag="300">
      <marc:subfield code="a">208 Seiten</marc:subfield>
   </marc:datafield>
</marc:record>
